| 000 | 00897nam a2200241 i 4500 | ||
|---|---|---|---|
| 003 | OSt | ||
| 005 | 20240619130351.0 | ||
| 008 | 160506s2014 my a e 000 0 may d | ||
| 020 |
_a9789831249130 _qpaperback |
||
| 040 |
_aPPAK _beng _cPPAK _erda |
||
| 082 | 0 | 4 |
_223 _a616.002 |
| 090 | 0 | 0 |
_a616.002 _bMOH _dKZR |
| 100 | 0 |
_aMohd Azreen Ezairy Mohamad Sallih, _cDr., _eauthor. |
|
| 245 | 1 | 0 |
_a55 SOAL JAWAB PENYAKIT : _bBERSAMA DR. EZAIRY Merungkai satu per satu PERMASALAHAN PENYAKIT / _cDr. Mohd Azreen Ezairy Mohamad Sallih ; Editor Syamel Yusoff |
| 264 | 1 |
_aShah Alam, Selangor : _bGRUP BUKU KARANGKRAF SDN. BHD., _c2014 |
|
| 300 |
_a245 pages : _billustrations ; _c22 cm |
||
| 336 |
_atext _2rdacontent |
||
| 337 |
_aunmediated _2rdamedia |
||
| 338 |
_avolume _2rdacarrier |
||
| 650 | 1 | 0 |
_aDiseases _vMiscellanea |
| 700 | 0 |
_aSyamel Yusoff, _eeditor. |
|
| 942 |
_2ddc _cB |
||
| 999 |
_c196095 _d196095 |
||